Islam and India: (Record no. 211974)

MARC details
000 -LEADER
fixed length control field 00600nam a2200193 4500
005 - DATE AND TIME OF LATEST TRANSACTION
control field 20250626162313.0
010 ## - LCCN (DPL NO)
LC control number ENG-145589
020 ## - INTERNATIONAL STANDARD BOOK NUMBER
International Standard Book Number 9788123416784
Terms of availability 250.00
035 ## - SYSTEM CONTROL NUMBER
System control number EN-129121
037 ## - SOURCE OF ACQUISITION
Source of stock number/acquisition DBAD
082 ## - DEWEY DECIMAL CLASSIFICATION NUMBER
Classification number 270.2
Edition number 1
100 ## - MAIN ENTRY--PERSONAL NAME
Personal name D. Gnanaiah
245 ## - TITLE STATEMENT
Title Islam and India:
Remainder of title A Rational View/
Statement of responsibility, etc D. Gnanaiah
250 ## - EDITION STATEMENT
Edition statement 1
260 ## - PUBLICATION, DISTRIBUTION, ETC. (IMPRINT)
Place of publication, distribution, etc Chennai
Name of publisher, distributor, etc New Century Book House (P) Ltd.
Date of publication, distribution, etc 2009
270 ## - ADDRESS
Address 41-B, SIDCO Industrial Estate, Ambattur
City Chennai
Postal code 600050
Telephone number 04426251968
Electronic mail address info@ncbh.in
300 ## - PHYSICAL DESCRIPTION
Extent xxv, 468p.
Dimensions 21cm(pb)
942 ## - ADDED ENTRY ELEMENTS (KOHA)
Source of classification or shelving scheme Dewey Decimal Classification
Item type English Books
Classification part 270.2
Call number suffix GNA
Edition 1
Holdings
Withdrawn status Lost status Not for loan Collection code Home library Current library Date acquired Source of acquisition Cost, normal purchase price Full call number Barcode Copy number Cost, replacement price Koha item type
      Non-fiction Sarojini Nagar Sarojini Nagar 26/06/2025 Delivery of Books Act Division 250.00 270.2 GNA EN-129121 1 250.00 English Books

© Delhi Public Library
Hit Counter
free hit counter